[Event "AUT-chT U18 rapid"]
[Site "Vienna"]
[Date "2023.10.29"]
[Round "6.8"]
[White "Eder Tazreiter, Eliah"]
[Black "Dordevic, Teodora"]
[Result "0-1"]
[WhiteElo "893"]
[BlackElo "895"]
[PlyCount "30"]
[EventDate "2023.10.29"]
[EventType "team-swiss"]
[EventRounds "7"]
[EventCountry "AUT"]
[SourceTitle "CBM 216 Extra"]
[Source "ChessBase"]
[SourceDate "2023.11.30"]
[SourceVersion "1"]
[SourceVersionDate "2023.11.30"]
[SourceQuality "1"]
[WhiteTeam "Kaernten U18"]
[BlackTeam "Vienna U18 II"]
[WhiteTeamCountry "AUT"]
[BlackTeamCountry "AUT"]

1. e4 e5 2. Nf3 Nc6 3. Bc4 Bc5 4. c3 d6 5. d4 Bb6 6. a3 Bg4 7. h3 Bh5 8. Ba2 exd4 9. Qb3 d3 10. g4 Bg6 11. h4 h5 12. Nbd2 Qf6 13. Nc4 Qxf3 14. Rg1 Qxf2+ 15. Kd1 Qe2# 0-1